01080 2200361 4500001002100000005001500021035002500036020002200061040001700083082001600100084001600116090002000132090002200152100003000174245012200204250003200326260004500358300004100403504003100444650001500475700001600490700001800506850001200524007000300536008004100539999002200580990002200602990001800624990001800642990002200660990001800682990001800700INLIS00000000003095820200510110303 a0010-091700000000326 a978-602-1093-51-1 aYOPDYOGbind042[22]a023.2 a023.2 TRI p aDEP 023.2 TRI p aCB-D.11 2015-26180 aTri Hardiningtyas,d1963-10aPustakawan & angka kredit :bbekal sukses profesi pustakawan /cTri Hardiningtyas; editor, Moh Mursyid, Yuni Nurjanah aCetakan ke 1, Desember 201531aYogyakarta :bLembaga Ladang Kata,c2015 axviii, 133 halaman :btabel ;c21 cm aBibliografi : hlm. 117-120 4aPustakawan0 aMoh Mursyid0 aYuni Nurjanah aYOPDYOGta170918s xx g  aCB-D.11/2015-2618 aCB-D.11/2015-2618 a59013-PD/A.18 a59123-PD/A.18 aCB-D.11/2015-2618 a59013-PD/A.18 a59123-PD/A.18